Victor Rodríguez: (Record no. 1779)
[ view plain ]
| 000 -LEADER | |
|---|---|
| campo de control de longitud fija | 00439nam a2200121 4500 |
| 008 - DATOS DE LONGITUD FIJA--INFORMACIÓN GENERAL | |
| campo de control de longitud fija | 750 R696o |
| 082 ## - NÚMERO DE LA CLASIFICACIÓN DECIMAL DEWEY | |
| Número de clasificación | 750 |
| Número de ítem | R696o |
| 100 ## - ENTRADA PRINCIPAL--NOMBRE DE PERSONA | |
| Nombre de persona | Rodriguez, Victor |
| 9 (RLIN) | 7025 |
| 245 ## - MENCIÓN DEL TÍTULO | |
| Título | Victor Rodríguez: |
| Resto del título | Obra reciente |
| 260 ## - PUBLICACIÓN, DISTRIBUCIÓN, ETC. | |
| Lugar de publicación, distribución, etc. | Costa Rica |
| Nombre del editor, distribuidor, etc. | Klaus Steinmetz Arte Contemporáneo |
| -- | Ramis Barquet Gallerry |
| Fecha de publicación, distribución, etc. | 2002 |
| 300 ## - DESCRIPCIÓN FÍSICA | |
| Extensión | 30 p. |
| Otras características físicas | il (col) |
| Dimensiones | 28 x 21,5 cm |
| 650 ## - PUNTO DE ACCESO ADICIONAL DE MATERIA--TÉRMINO DE MATERIA | |
| Subdivisión general | arte contemporáneo |
| -- | arte - exhibiciones |
| -- | arte - pintura |
| -- | arte - Costa Rica |
| 9 (RLIN) | 7026 |
| Estatus retirado | Estado de pérdida | Fuente del sistema de clasificación o colocación | Estado de daño | No para préstamo | Biblioteca de origen | Biblioteca actual | Fecha de adquisición | Total de préstamos | Signatura topográfica completa | Código de barras | Visto por última vez | Precio de reemplazo | Tipo de ítem Koha | Número de inventario |
|---|---|---|---|---|---|---|---|---|---|---|---|---|---|---|
| Clasificación Decimal Dewey | Biblioteca LadoV | Biblioteca LadoV | 11/05/2019 | 750 R696o | 004802 | 11/05/2019 | 11/05/2019 | Material 01 | ||||||
| Clasificación Decimal Dewey | Biblioteca LadoV | Biblioteca LadoV | 11/11/2022 | 750 R6960 | 001107 | 11/11/2022 | 11/11/2022 | Material 01 | 001107 |
